[Event "Titled Tuesday intern op 16th Apr Late"]
[Site "Chess.com INT"]
[Date "2024.04.16"]
[Round "7"]
[White "Meduri, Aakaash"]
[Black "Annaberdiyev, Babageldi"]
[Result "0-1"]
[WhiteElo "1962"]
[BlackElo "2208"]
[PlyCount "110"]
[EventDate "2024.04.16"]
[EventType "swiss (blitz)"]
[EventRounds "11"]
[EventCountry "USA"]
[SourceTitle "CB17_2024"]
[SourceDate "2024.04.24"]
[SourceVersion "1"]
[SourceVersionDate "2024.04.24"]
[SourceQuality "1"]

1. c4 e6 2. g3 d5 3. Bg2 f5 4. d3 Nf6 5. Nf3 Bc5 6. 0-0 0-0 7. a3 a5 8. Nc3 c6 9. Bg5 h6 10. Bf4 g5 11. Be5 Nbd7 12. d4 Be7 13. Qc1 Ne4 14. Rd1 Bf6 15. Bxf6 Qxf6 16. Nd2 h5 17. Ndxe4 fxe4 18. Rf1 g4 19. Qe3 Nb6 20. b3 a4 21. c5 Nd7 22. b4 e5 23. Rad1 exd4 24. Rxd4 Ne5 25. Nxe4 dxe4 26. Rxe4 Ng6 27. Qh6 Bf5 28. Re3 h4 29. b5 h3 30. Bh1 Rac8 31. bxc6 bxc6 32. f3 Qg7 33. Qg5 gxf3 34. Bxf3 Bc2 35. Kh1 Bb3 36. Rd3 Ne5 37. Qxg7+ Kxg7 38. Re3 Nxf3 39. exf3 Bd5 40. Kg1 Rb8 41. f4 Rb2 42. Rf2 Rfb8 43. Ree2 Rb1+ 44. Rf1 Bg2 45. Rxb1 Rxb1+ 46. Kf2 Rb3 47. Ra2 Kf6 48. g4 Ke6 49. Re2+ Kd5 50. g5 Rf3+ 51. Ke1 Rxf4 52. g6 Rg4 53. Re7 Rxg6 54. Ra7 Re6+ 55. Kf2 Re4 0-1

[Event "Titled Tuesday intern op 02nd Apr Late"]
[Site "Chess.com INT"]
[Date "2024.04.02"]
[Round "1"]
[White "Annaberdiyev, Babageldi"]
[Black "Antonio, Jorge Carlos"]
[Result "1-0"]
[WhiteElo "2208"]
[BlackElo "2277"]
[PlyCount "63"]
[EventDate "2024.04.02"]
[EventType "swiss (blitz)"]
[EventRounds "11"]
[EventCountry "USA"]
[SourceTitle "CB15_2024"]
[SourceDate "2024.04.10"]
[SourceVersion "1"]
[SourceVersionDate "2024.04.10"]
[SourceQuality "1"]

1. e4 c5 2. Nf3 e6 3. d3 Nc6 4. Nbd2 d6 5. g3 g6 6. Bg2 Bg7 7. h4 h5 8. 0-0 Nge7 9. Re1 0-0 10. c3 Rb8 11. Nf1 b5 12. d4 cxd4 13. cxd4 d5 14. e5 Nf5 15. Ne3 Nxe3 16. Bxe3 a5 17. Qd2 Ba6 18. Bh6 b4 19. Bxg7 Kxg7 20. b3 Ne7 21. Rac1 Rc8 22. Bh3 Rxc1 23. Rxc1 Qd7 24. Qf4 Ng8 25. Ng5 Bd3 26. Rc5 Qa7 27. Bxe6 Be4 28. Bxd5 Bxd5 29. Rxd5 Qa6 30. Rd6 Qe2 31. Rd7 Nh6 32. Ne6+ 1-0

[Event "Titled Tuesday intern op 02nd Apr Late"]
[Site "Chess.com INT"]
[Date "2024.04.02"]
[Round "4"]
[White "Annaberdiyev, Babageldi"]
[Black "Henriquez Villagra, Cristobal"]
[Result "0-1"]
[WhiteElo "2208"]
[BlackElo "2588"]
[PlyCount "104"]
[EventDate "2024.04.02"]
[EventType "swiss (blitz)"]
[EventRounds "11"]
[EventCountry "USA"]
[SourceTitle "CB15_2024"]
[SourceDate "2024.04.10"]
[SourceVersion "1"]
[SourceVersionDate "2024.04.10"]
[SourceQuality "1"]

1. e4 d6 2. d4 Nf6 3. Nc3 e5 4. Nf3 Nbd7 5. Bc4 Be7 6. 0-0 0-0 7. Re1 c6 8. a4 h6 9. h3 Re8 10. Be3 Bf8 11. d5 Nb6 12. Bb3 cxd5 13. Bxb6 Qxb6 14. a5 Qc7 15. Nxd5 Nxd5 16. Bxd5 Rb8 17. c3 g6 18. Nh2 h5 19. Qd2 Kh7 20. Nf3 Bh6 21. Ng5+ Kg7 22. f4 exf4 23. Nxf7 g5 24. Nxh6 Kxh6 25. h4 Bg4 26. hxg5+ Kxg5 27. Rf1 Qc5+ 28. Rf2 Qe3 29. Re1 Qxd2 30. Rxd2 b6 31. a6 Re5 32. Rf1 Rf8 33. Rdf2 Rf6 34. c4 h4 35. Kh2 Re7 36. b4 Re8 37. b5 Ref8 38. Rg1 Rh8 39. Rgf1 h3 40. g3 fxg3+ 41. Kxg3 Rxf2 42. Rxf2 h2 43. Rxh2 Rxh2 44. Kxh2 Kf4 45. Bc6 Be6 46. Kg2 Bxc4 47. Kf2 Bd3 48. Ke1 Ke3 49. Kd1 Bxe4 50. Kc1 d5 51. Kd1 d4 52. Ke1 Bc2 0-1

[Event "Titled Tuesday intern op 12th Mar Late"]
[Site "Chess.com INT"]
[Date "2024.03.12"]
[Round "3"]
[White "Annaberdiyev, Babageldi"]
[Black "Perez Ponsa, Federico"]
[Result "1-0"]
[WhiteElo "2208"]
[BlackElo "2538"]
[PlyCount "207"]
[EventDate "2024.03.12"]
[EventType "swiss (blitz)"]
[EventRounds "11"]
[EventCountry "USA"]
[SourceTitle "CB12_2024"]
[SourceDate "2023.10.01"]
[SourceVersion "1"]
[SourceVersionDate "2023.10.01"]
[SourceQuality "1"]

1. e4 c5 2. Nf3 d6 3. d4 cxd4 4. Nxd4 Nf6 5. Nc3 a6 6. Bg5 e6 7. f4 h6 8. Bh4 Nbd7 9. Be2 Be7 10. Bf2 Qc7 11. a4 b6 12. Bf3 Bb7 13. 0-0 g5 14. f5 e5 15. Nb3 h5 16. Nd5 Nxd5 17. exd5 Nf6 18. a5 b5 19. Bb6 Qd7 20. g3 Qxf5 21. Nc5 dxc5 22. d6 e4 23. Bg2 Qe5 24. dxe7 Kxe7 25. b4 Rac8 26. bxc5 Rxc5 27. Rxf6 Kxf6 28. Qf1+ Kg7 29. Rd1 h4 30. Rd7 Qf5 31. Qxf5 Rxf5 32. Rxb7 Re8 33. Bd4+ Kg8 34. Be3 hxg3 35. hxg3 Rd5 36. Kf2 f6 37. Bh3 Rde5 38. Bd7 R8e7 39. Bc6 Rxb7 40. Bxb7 Kg7 41. Bxa6 b4 42. Bc4 Rxa5 43. Bb3 Rf5+ 44. Ke2 Rf3 45. g4 Kg6 46. Be6 Rh3 47. Bf5+ Kf7 48. Bxe4 Rg3 49. Bf5 Ke7 50. Kd3 Kd6 51. Ke4 Rg2 52. Kd3 Ke5 53. Bd4+ Kf4 54. Kc4 Rd2 55. Bxf6 Rd1 56. Kxb4 Rd6 57. Bc3 Rb6+ 58. Kc4 Rc6+ 59. Kd3 Rd6+ 60. Bd4 Kf3 61. c3 Kg3 62. Be4 Kxg4 63. c4 Kf4 64. c5 Rd8 65. c6 g4 66. c7 Rc8 67. Bb6 Ke5 68. Bb7 Rf8 69. c8Q Rxc8 70. Bxc8 g3 71. Bh3 g2 72. Bxg2 Kf4 73. Be4 Ke5 74. Bc7+ Ke6 75. Kd4 Kf6 76. Be5+ Ke6 77. Bd5+ Kf5 78. Bc4 Kg4 79. Kd5 Kf3 80. Kd4 Kg4 81. Ke4 Kg5 82. Be6 Kg6 83. Kf4 Kh6 84. Kf5 Kh5 85. Bf4 Kh4 86. Bf7 Kh3 87. Ke4 Kg2 88. Be6 Kf2 89. Bg4 Kg2 90. Ke3 Kf1 91. Kd2 Kf2 92. Bh5 Kg2 93. Ke2 Kh3 94. Ke3 Kh4 95. Be2 Kh3 96. Kf3 Kh4 97. Kf2 Kh3 98. Bf3 Kh4 99. Be2 Kh3 100. Bg5 Kh2 101. Bg4 Kh1 102. Be3 Kh2 103. Bf4+ Kh1 104. Bf3# 1-0

[Event "Titled Tuesday intern op 12th Mar Late"]
[Site "Chess.com INT"]
[Date "2024.03.12"]
[Round "6"]
[White "Annaberdiyev, Babageldi"]
[Black "Radhakrishnan, Sharath"]
[Result "1-0"]
[WhiteElo "2208"]
[BlackElo "1963"]
[PlyCount "94"]
[EventDate "2024.03.12"]
[EventType "swiss (blitz)"]
[EventRounds "11"]
[EventCountry "USA"]
[SourceTitle "CB12_2024"]
[SourceDate "2023.10.01"]
[SourceVersion "1"]
[SourceVersionDate "2023.10.01"]
[SourceQuality "1"]

1. e4 e5 2. Nf3 Nc6 3. Bc4 Bc5 4. c3 Nf6 5. d4 exd4 6. cxd4 Bb4+ 7. Nc3 Nxe4 8. 0-0 Bxc3 9. d5 Bf6 10. Re1 Ne7 11. Rxe4 d6 12. Bg5 Bxg5 13. Nxg5 0-0 14. Nxh7 Bf5 15. Rxe7 Qxe7 16. Nxf8 Rxf8 17. Rc1 Re8 18. Bf1 Be4 19. Qb3 b6 20. Re1 Qd8 21. Bb5 Re7 22. Qe3 Kf8 23. Qh3 Kg8 24. Qh4 a6 25. Bc6 Bxd5 26. Qxe7 Qxe7 27. Rxe7 Bxc6 28. Rxc7 Bd5 29. a3 a5 30. Rd7 b5 31. Rxd6 Bc4 32. f4 a4 33. Kf2 Kh7 34. g4 f6 35. h4 Kg6 36. h5+ Kh6 37. Kg3 Be2 38. Kh4 Kh7 39. Rd7 Kg8 40. Rb7 Bc4 41. g5 fxg5+ 42. Kxg5 Bd3 43. h6 gxh6+ 44. Kxh6 Kf8 45. Kg5 Bc4 46. f5 Bd3 47. Kf6 Ke8 1-0

[Event "Titled Tuesday intern op 27th Feb Late"]
[Site "Chess.com INT"]
[Date "2024.02.27"]
[Round "11"]
[White "Annaberdiyev, Babageldi"]
[Black "Bambino Filho, Antonio Carlos"]
[Result "1-0"]
[WhiteElo "2208"]
[BlackElo "2166"]
[PlyCount "59"]
[EventDate "2024.02.27"]
[EventType "swiss (blitz)"]
[EventRounds "11"]
[EventCountry "USA"]
[SourceTitle "CB10_2024"]
[SourceDate "2024.03.06"]
[SourceVersion "1"]
[SourceVersionDate "2024.03.06"]
[SourceQuality "1"]

1. e4 e5 2. Nf3 Nc6 3. Bc4 Nf6 4. d4 exd4 5. 0-0 d6 6. Nxd4 Be7 7. Nc3 0-0 8. Bf4 Bd7 9. h3 Nxd4 10. Qxd4 Bc6 11. Rfe1 Nd7 12. a4 Bf6 13. Qd2 Re8 14. Bd5 Bxc3 15. Qxc3 Bxd5 16. exd5 Rxe1+ 17. Rxe1 h6 18. Re3 Nf6 19. Rg3 Kf8 20. Rf3 Nxd5 21. Qb3 Nxf4 22. Rxf4 Qe8 23. Qxb7 Rb8 24. Qxc7 Rxb2 25. Qxd6+ Kg8 26. Qc7 g5 27. Rd4 Kg7 28. Qc3 Rb1+ 29. Rd1+ Qe5 30. Qxe5+ 1-0

[Event "Titled Tuesday intern op 27th Feb Late"]
[Site "Chess.com INT"]
[Date "2024.02.27"]
[Round "2"]
[White "Makarian, Rudik"]
[Black "Annaberdiyev, Babageldi"]
[Result "1-0"]
[WhiteElo "2525"]
[BlackElo "2208"]
[PlyCount "75"]
[EventDate "2024.02.27"]
[EventType "swiss (blitz)"]
[EventRounds "11"]
[EventCountry "USA"]
[SourceTitle "CB10_2024"]
[SourceDate "2024.03.06"]
[SourceVersion "1"]
[SourceVersionDate "2024.03.06"]
[SourceQuality "1"]

1. d4 e6 2. c4 f5 3. Nf3 Nf6 4. g3 d5 5. Bg2 c6 6. 0-0 Bd6 7. b3 Qe7 8. a4 a5 9. Ba3 Nbd7 10. Qc1 0-0 11. Nc3 Ne4 12. Bxd6 Qxd6 13. Qb2 b6 14. Rfc1 Bb7 15. cxd5 exd5 16. e3 Rac8 17. Ne2 g6 18. Nf4 Rfe8 19. Nd3 c5 20. dxc5 Ndxc5 21. Nxc5 bxc5 22. Rd1 Qb6 23. Rac1 Rb8 24. Nd2 Rec8 25. Nxe4 fxe4 26. Bh3 Rc7 27. Qe5 Rd8 28. Be6+ Rf7 29. Bxf7+ Kxf7 30. h4 Re8 31. Qf4+ Kg7 32. h5 gxh5 33. Qg5+ Qg6 34. Qxg6+ hxg6 35. Rxc5 Re7 36. Rxa5 Kf6 37. Ra7 Ke5 38. b4 1-0

[Event "Titled Tuesday intern op 27th Feb Late"]
[Site "Chess.com INT"]
[Date "2024.02.27"]
[Round "9"]
[White "Seletsky, Grigory"]
[Black "Annaberdiyev, Babageldi"]
[Result "1-0"]
[WhiteElo "2181"]
[BlackElo "2208"]
[PlyCount "229"]
[EventDate "2024.02.27"]
[EventType "swiss (blitz)"]
[EventRounds "11"]
[EventCountry "USA"]
[SourceTitle "CB10_2024"]
[SourceDate "2024.03.06"]
[SourceVersion "1"]
[SourceVersionDate "2024.03.06"]
[SourceQuality "1"]

1. e4 e6 2. d4 d5 3. exd5 exd5 4. c3 Bd6 5. Bd3 Nc6 6. Qc2 Nge7 7. Ne2 h6 8. Bf4 Be6 9. Nd2 Qd7 10. 0-0-0 0-0-0 11. Kb1 g5 12. Bxd6 Qxd6 13. Ng3 Kb8 14. Rhe1 h5 15. Nf3 h4 16. Nf1 Qf4 17. Qd2 Qxd2 18. N1xd2 Rdg8 19. Re2 g4 20. Ne5 Nxe5 21. Rxe5 Nc6 22. Re3 a6 23. Rde1 Ka7 24. Nb3 b6 25. Nc1 Ne7 26. Bc2 Nf5 27. R3e2 Nd6 28. Nd3 g3 29. fxg3 hxg3 30. h3 Ne4 31. Nf4 Ng5 32. Re5 Rh4 33. Nxe6 fxe6 34. Rg1 Rf4 35. Re3 Ne4 36. Bxe4 dxe4 37. Rge1 Rf2 38. R1e2 Rgf8 39. Kc2 R8f4 40. Kd2 Rf1 41. Rxg3 Rb1 42. Kc2 Ra1 43. a3 Rff1 44. Rge3 Rac1+ 45. Kb3 b5 46. Rxe4 a5 47. a4 bxa4+ 48. Kxa4 Ra1+ 49. Kb3 a4+ 50. Kc4 Rfb1 51. Rxe6 Ra2 52. g4 a3 53. bxa3 Rxa3 54. g5 Rc1 55. R2e3 Ra5 56. R6e5 Ra6 57. Kd3 Rd1+ 58. Ke4 Rg1 59. c4 Kb7 60. c5 Ra4 61. Rb3+ Kc6 62. Re6+ Kd7 63. Rg6 Re1+ 64. Re3 Rd1 65. Rg7+ Kc6 66. Rg6+ Kd7 67. Rg7+ Kc6 68. Kf5 Rdxd4 69. Re6+ Kb7 70. Ree7 Rf4+ 71. Kg6 Rac4 72. Rxc7+ Ka6 73. Rcf7 Rh4 74. Rf5 Kb5 75. Kf6 Rxh3 76. g6 Rg3 77. Rf7 Rcg4 78. Rg7 Kc6 79. Kf7 Rg2 80. Rf6+ Kxc5 81. Rg8 Kd5 82. g7 Ke5 83. Re8+ Kd5 84. g8Q Rxg8 85. Rxg8 Rh2 86. Rg5+ Ke4 87. Ra5 Rh7+ 88. Kg6 Rb7 89. Rff5 Rb6+ 90. Kh5 Rb7 91. Rg5 Kf4 92. Ra4+ Kf3 93. Rc5 Rb3 94. Kg5 Kg3 95. Rcc4 Rb5+ 96. Kf6 Rb6+ 97. Ke7 Rb3 98. Kd6 Rd3+ 99. Kc5 Rb3 100. Rab4 Ra3 101. Rd4 Kf3 102. Rbc4 Ra8 103. Kb4 Ke2 104. Kb3 Rb8+ 105. Kc3 Rb7 106. Rd2+ Ke3 107. Rd3+ Ke2 108. Re4+ Kf2 109. Rh4 Kg2 110. Ra4 Rc7+ 111. Kd2 Kf2 112. Ra2 Rc6 113. Rc2 Re6 114. Kc1+ Kf1 115. Rd1+ 1-0

[Event "Titled Tuesday intern op 13th Feb Late"]
[Site "Chess.com INT"]
[Date "2024.02.13"]
[Round "5"]
[White "Annaberdiyev, Babageldi"]
[Black "Melikhov, Evgeny V"]
[Result "1/2-1/2"]
[WhiteElo "2208"]
[BlackElo "2172"]
[PlyCount "71"]
[EventDate "2024.02.13"]
[EventType "swiss (blitz)"]
[EventRounds "11"]
[EventCountry "USA"]
[SourceTitle "CB08_2024"]
[SourceDate "2024.02.21"]
[SourceVersion "1"]
[SourceVersionDate "2024.02.21"]
[SourceQuality "1"]

1. e4 e5 2. Nf3 Nc6 3. Bc4 Nf6 4. d4 exd4 5. 0-0 Nxe4 6. Re1 d5 7. Bxd5 Qxd5 8. Nc3 Qa5 9. Nxe4 Be6 10. Neg5 Bd6 11. Nxe6 fxe6 12. Rxe6+ Kd7 13. Bd2 Qb5 14. Qe2 Qxe2 15. Rxe2 Rae8 16. Rae1 h6 17. h4 Rxe2 18. Rxe2 Re8 19. Kf1 Rxe2 20. Kxe2 Ke6 21. Kd3 Kd5 22. a3 Ne5+ 23. Nxe5 Bxe5 24. f4 Bf6 25. h5 c5 26. b3 b5 27. g4 c4+ 28. bxc4+ bxc4+ 29. Ke2 Ke4 30. g5 d3+ 31. cxd3+ cxd3+ 32. Kd1 Bb2 33. gxh6 gxh6 34. f5 Kxf5 35. Bxh6 Bxa3 36. Kd2 1/2-1/2

[Event "Titled Tuesday intern op 13th Feb Late"]
[Site "Chess.com INT"]
[Date "2024.02.13"]
[Round "4"]
[White "Annaberdiyev, Babageldi"]
[Black "Sari, Yasin"]
[Result "1/2-1/2"]
[WhiteElo "2208"]
[BlackElo "2292"]
[PlyCount "167"]
[EventDate "2024.02.13"]
[EventType "swiss (blitz)"]
[EventRounds "11"]
[EventCountry "USA"]
[SourceTitle "CB08_2024"]
[SourceDate "2024.02.21"]
[SourceVersion "1"]
[SourceVersionDate "2024.02.21"]
[SourceQuality "1"]

1. e4 e5 2. Nf3 Nc6 3. Bc4 Nf6 4. d4 exd4 5. 0-0 Nxe4 6. Re1 d5 7. Bxd5 Qxd5 8. Nc3 Qd7 9. Nxe4 Be7 10. Bg5 0-0 11. Bxe7 Qxe7 12. Nxd4 Bd7 13. Nb3 Rae8 14. Nec5 Qxe1+ 15. Qxe1 Rxe1+ 16. Rxe1 Bc8 17. f3 b6 18. Nd3 Bd7 19. Kf2 Re8 20. Rxe8+ Bxe8 21. c3 f6 22. Nf4 Bf7 23. Nc1 g5 24. Nfe2 Kf8 25. Ke3 Ke7 26. Nd4 Nxd4 27. Kxd4 Kd6 28. b3 c5+ 29. Ke3 Bg6 30. Ne2 a5 31. c4 Ke5 32. g3 Be8 33. Nc3 Bc6 34. Ne2 Kf5 35. g4+ Ke5 36. Ng3 a4 37. Nf5 a3 38. Ng3 b5 39. cxb5 Bxb5 40. Ne4 c4 41. bxc4 Bxc4 42. Nc3 f5 43. gxf5 Kxf5 44. Nb1 Bxa2 45. Nxa3 Bd5 46. Nb5 Ba8 47. Nd4+ Kg6 48. Kf2 h5 49. Kg3 Kf6 50. Nb5 Kg6 51. Nc7 Bb7 52. Ne6 Kf6 53. Nc5 Ba8 54. Nd3 Kg6 55. Nf2 Kf6 56. Nd1 Ke5 57. Ne3 Kf6 58. h3 Kg6 59. Nc4 Kf6 60. Nb6 Bb7 61. Nd7+ Kg6 62. Nc5 Ba8 63. Nd7 Kf5 64. Nb6 Bb7 65. Nc4 Kg6 66. Kf2 Ba8 67. Nd6 Bc6 68. Nc4 Bb7 69. Ne5+ Kf5 70. Nd3 Bc8 71. Kg3 Kf6 72. Nf2 Bb7 73. Nd3 Ba8 74. Nc5 Kf5 75. Na6 h4+ 76. Kg2 Kf4 77. Nc7 Bxf3+ 78. Kh2 Bc6 79. Ne6+ Kf5 80. Nd4+ Kf4 81. Nxc6 g4 82. Nd4 gxh3 83. Kxh3 Ke4 84. Kxh4 1/2-1/2

[Event "Titled Tuesday intern op 13th Dec Late"]
[Site "Chess.com INT"]
[Date "2022.12.13"]
[Round "1"]
[White "Martin Fuentes, Alberto"]
[Black "Annaberdiyev, Babageldi"]
[Result "0-1"]
[WhiteElo "2391"]
[BlackElo "2208"]
[PlyCount "52"]
[EventDate "2022.12.13"]
[EventType "swiss (blitz)"]
[EventRounds "11"]
[EventCountry "USA"]
[SourceTitle "EXT 2024"]
[Source "ChessBase"]
[SourceDate "2023.10.10"]
[SourceVersion "1"]
[SourceVersionDate "2023.10.10"]
[SourceQuality "1"]

1. e4 e6 2. d4 d5 3. Nc3 Nf6 4. Bg5 Be7 5. e5 Nfd7 6. Bxe7 Qxe7 7. Nf3 a6 8. h4 c5 9. Ne2 Nc6 10. c3 f6 11. exf6 Nxf6 12. dxc5 0-0 13. Ned4 e5 14. Nxc6 bxc6 15. b4 Bg4 16. Be2 Nh5 17. Nh2 Bxe2 18. Qxe2 Nf4 19. Qf3 e4 20. Qg3 Nd3+ 21. Kd1 Nxf2+ 22. Kc2 Nxh1 23. Rxh1 a5 24. a3 axb4 25. axb4 Ra2+ 26. Kb1 Qa7 0-1

[Event "Titled Tuesday intern op 29th Nov Late"]
[Site "Chess.com INT"]
[Date "2022.11.29"]
[Round "4"]
[White "Annaberdiyev, Babageldi"]
[Black "Paterek, Michal"]
[Result "1-0"]
[WhiteElo "2208"]
[BlackElo "2307"]
[PlyCount "79"]
[EventDate "2022.11.29"]
[EventType "swiss (blitz)"]
[EventRounds "11"]
[EventCountry "USA"]
[SourceTitle "EXT 2024"]
[Source "ChessBase"]
[SourceDate "2023.10.10"]
[SourceVersion "1"]
[SourceVersionDate "2023.10.10"]
[SourceQuality "1"]

1. e4 c6 2. d4 d5 3. Nd2 dxe4 4. Nxe4 Nd7 5. Bc4 Ngf6 6. Ng5 e6 7. Qe2 Nb6 8. Bd3 h6 9. N5f3 c5 10. dxc5 Bxc5 11. Ne5 Qc7 12. Ngf3 Nbd7 13. Bf4 Bb4+ 14. Kf1 Bd6 15. Rd1 Nh5 16. g3 Nxf4 17. gxf4 0-0 18. Rg1 Nf6 19. c3 b6 20. Nd4 a6 21. Qe3 Kh8 22. Bb1 Bb7 23. Qg3 Rg8 24. Re1 Rad8 25. Nxe6 fxe6 26. Ng6+ Kh7 27. Rxe6 Qc4+ 28. Bd3 Qxe6 29. Nf8+ Kh8 30. Nxe6 Rde8 31. Qh3 Bd5 32. f5 Bxe6 33. fxe6 Re7 34. Bg6 Rd8 35. Bf7 b5 36. Rg6 Be5 37. Qf5 Rd5 38. Rxf6 gxf6 39. Qg6 Rd1+ 40. Ke2 1-0

[Event "Titled Tuesday intern op 29th Nov Late"]
[Site "Chess.com INT"]
[Date "2022.11.29"]
[Round "8"]
[White "Kowalski, Igor"]
[Black "Annaberdiyev, Babageldi"]
[Result "1-0"]
[WhiteElo "2344"]
[BlackElo "2208"]
[PlyCount "63"]
[EventDate "2022.11.29"]
[EventType "swiss (blitz)"]
[EventRounds "11"]
[EventCountry "USA"]
[SourceTitle "EXT 2024"]
[Source "ChessBase"]
[SourceDate "2023.10.10"]
[SourceVersion "1"]
[SourceVersionDate "2023.10.10"]
[SourceQuality "1"]

1. d4 Nf6 2. Nf3 g6 3. Nc3 d5 4. Bf4 a6 5. e3 Bg7 6. Be2 0-0 7. Ne5 b5 8. h4 b4 9. Nb1 h6 10. g4 Nfd7 11. Nd3 a5 12. Nd2 Ba6 13. Nf3 Bxd3 14. Bxd3 c5 15. c3 c4 16. Bc2 Nc6 17. h5 g5 18. Nxg5 e5 19. dxe5 Ndxe5 20. Nh7 bxc3 21. bxc3 d4 22. cxd4 Nxd4 23. exd4 Nd3+ 24. Bxd3 cxd3 25. Nxf8 Qxd4 26. Be3 Qxa1 27. Qxa1 Bxa1 28. Kd2 Bg7 29. Nd7 Rd8 30. Nc5 Bf8 31. Nxd3 Bb4+ 32. Ke2 1-0

[Event "Titled Tuesday intern op 22nd Nov Late"]
[Site "Chess.com INT"]
[Date "2022.11.22"]
[Round "11"]
[White "Annaberdiyev, Babageldi"]
[Black "Djordjevic, Vuk D"]
[Result "1/2-1/2"]
[WhiteElo "2208"]
[BlackElo "2394"]
[PlyCount "108"]
[EventDate "2022.11.22"]
[EventType "swiss (blitz)"]
[EventRounds "11"]
[EventCountry "USA"]
[SourceTitle "CBM 211 Extra"]
[Source "ChessBase"]
[SourceDate "2023.01.31"]
[SourceVersion "1"]
[SourceVersionDate "2023.01.31"]
[SourceQuality "1"]

1. e4 d5 2. exd5 Qxd5 3. Nc3 Qd6 4. d4 Nf6 5. Nf3 c6 6. g3 Bg4 7. Bg2 e6 8. Bf4 Qd8 9. h3 Bxf3 10. Qxf3 Bd6 11. 0-0-0 0-0 12. h4 Bxf4+ 13. Qxf4 Nd5 14. Bxd5 cxd5 15. h5 h6 16. g4 Nc6 17. Rhg1 Qg5 18. Qxg5 hxg5 19. Ne2 f5 20. f4 gxf4 21. Nxf4 Rae8 22. Ng6 Rf7 23. g5 f4 24. c3 f3 25. Rdf1 e5 26. dxe5 Nxe5 27. Nxe5 Rxe5 28. Rf2 Rff5 29. h6 g6 30. Kd2 Kh7 31. Rg3 Rxg5 32. Rxg5 Rxg5 33. Rxf3 Rf5 34. Re3 Rf7 35. Rh3 g5 36. Ke3 Kg6 37. Kd4 Rh7 38. Kxd5 g4 39. Rh1 Rxh6 40. Rg1 Kf5 41. c4 Kf4 42. c5 Kf3 43. b4 g3 44. b5 Rg6 45. c6 bxc6+ 46. bxc6 Kf2 47. Rc1 g2 48. c7 Rg8 49. Kd6 g1Q 50. Rxg1 Kxg1 51. Kd7 Rg7+ 52. Kd6 Rg8 53. Kd7 Rg7+ 54. Kd6 Rg8 1/2-1/2

[Event "Titled Tuesday intern op 22nd Nov Late"]
[Site "Chess.com INT"]
[Date "2022.11.22"]
[Round "1"]
[White "Annaberdiyev, Babageldi"]
[Black "Gerbelli Neto, Eduardo"]
[Result "1-0"]
[WhiteElo "2208"]
[BlackElo "2114"]
[PlyCount "57"]
[EventDate "2022.11.22"]
[EventType "swiss (blitz)"]
[EventRounds "11"]
[EventCountry "USA"]
[SourceTitle "CBM 211 Extra"]
[Source "ChessBase"]
[SourceDate "2023.01.31"]
[SourceVersion "1"]
[SourceVersionDate "2023.01.31"]
[SourceQuality "1"]

1. e4 e5 2. Nf3 Nc6 3. Bc4 Nf6 4. d4 exd4 5. 0-0 Nxe4 6. Re1 d5 7. Bxd5 Qxd5 8. Nc3 Qa5 9. Nxe4 Be6 10. Neg5 0-0-0 11. Nxe6 fxe6 12. Rxe6 Bd6 13. Bg5 Rde8 14. Qe2 Kd7 15. Rxe8 Rxe8 16. Qd3 h6 17. Bd2 Qh5 18. h3 Ne5 19. Qb5+ Kc8 20. Nxd4 Bc5 21. Nf5 Bxf2+ 22. Kh1 c6 23. Nd6+ Kd7 24. Qf1 Rf8 25. Ne4 Qf5 26. Bb4 Qxe4 27. Bxf8 Qxc2 28. Bxg7 Bg3 29. Qd1+ 1-0

[Event "Titled Tuesday intern op 22nd Nov Late"]
[Site "Chess.com INT"]
[Date "2022.11.22"]
[Round "6"]
[White "Annaberdiyev, Babageldi"]
[Black "Schmidt, Harald"]
[Result "1-0"]
[WhiteElo "2208"]
[BlackElo "2340"]
[PlyCount "91"]
[EventDate "2022.11.22"]
[EventType "swiss (blitz)"]
[EventRounds "11"]
[EventCountry "USA"]
[SourceTitle "CBM 211 Extra"]
[Source "ChessBase"]
[SourceDate "2023.01.31"]
[SourceVersion "1"]
[SourceVersionDate "2023.01.31"]
[SourceQuality "1"]

1. e4 c6 2. d4 g6 3. Nd2 Bg7 4. h4 Bxd4 5. h5 Bg7 6. Ngf3 d5 7. Be2 dxe4 8. Nxe4 Qxd1+ 9. Bxd1 Bf5 10. Ng3 Be6 11. h6 Bf6 12. Be2 Nd7 13. c3 0-0-0 14. Be3 Bd5 15. 0-0-0 Nb6 16. Kc2 e5 17. b3 Bxf3 18. Bxf3 Be7 19. Rxd8+ Kxd8 20. Ne4 Nf6 21. Nxf6 Bxf6 22. a4 Be7 23. a5 Nd5 24. Rd1 Kc7 25. Bxd5 cxd5 26. Rxd5 a6 27. Rxe5 Bd6 28. Re4 f5 29. Rc4+ Kd7 30. Bf4 Bxf4 31. Rxf4 Re8 32. Rb4 Kc7 33. Kd2 Re5 34. Rc4+ Kd7 35. b4 g5 36. f4 gxf4 37. Rxf4 Re6 38. Rxf5 Rxh6 39. Rg5 Kc6 40. Kd3 Rh4 41. g3 Rh3 42. Kc4 h5 43. Rg6+ Kc7 44. Kc5 h4 45. Rg7+ Kc8 46. gxh4 1-0

[Event "Titled Tuesday intern op 22nd Nov Late"]
[Site "Chess.com INT"]
[Date "2022.11.22"]
[Round "4"]
[White "Annaberdiyev, Babageldi"]
[Black "Swiercz, Dariusz"]
[Result "0-1"]
[WhiteElo "2208"]
[BlackElo "2646"]
[PlyCount "120"]
[EventDate "2022.11.22"]
[EventType "swiss (blitz)"]
[EventRounds "11"]
[EventCountry "USA"]
[SourceTitle "CBM 211 Extra"]
[Source "ChessBase"]
[SourceDate "2023.01.31"]
[SourceVersion "1"]
[SourceVersionDate "2023.01.31"]
[SourceQuality "1"]

1. e4 e6 2. d4 d5 3. e5 c5 4. c3 Nc6 5. Nf3 Bd7 6. a3 c4 7. Nbd2 f6 8. g3 fxe5 9. Nxe5 Nxe5 10. dxe5 Bc5 11. Bh3 Ne7 12. 0-0 0-0 13. b3 Nc6 14. bxc4 Nxe5 15. Nb3 Bb6 16. cxd5 Kh8 17. dxe6 Bc6 18. Qxd8 Raxd8 19. Bg2 Rxf2 20. Bxc6 Re2+ 21. Kh1 Nxc6 22. Bg5 Re8 23. Rae1 Rxe1 24. Rxe1 h6 25. Bf4 Kh7 26. Bd6 Kg6 27. e7 Kf7 28. c4 Nxe7 29. c5 Bd8 30. Nd4 Nc6 31. Rf1+ Kg8 32. Nf5 Bf6 33. Bf4 Kh7 34. Nd6 Re2 35. Nxb7 Ra2 36. Nd6 Rxa3 37. Ne4 Ra5 38. Nxf6+ gxf6 39. Bd6 Kg6 40. Rb1 Ra2 41. Rb7 a5 42. h4 h5 43. Rc7 Nd4 44. Kg1 a4 45. Ra7 a3 46. c6 Nxc6 47. Rxa3 Rd2 48. Bf4 Rc2 49. Ra6 Nd4 50. Kf1 Nf5 51. Bg5 Nxg3+ 52. Ke1 Ne4 53. Kd1 Rh2 54. Ke1 Nxg5 55. hxg5 Kxg5 56. Kf1 h4 57. Kg1 Rb2 58. Ra5+ f5 59. Ra3 Kg4 60. Ra2 Rxa2 0-1

[Event "Titled Tuesday intern op 22nd Nov Late"]
[Site "Chess.com INT"]
[Date "2022.11.22"]
[Round "3"]
[White "Zhigalko, Sergei"]
[Black "Annaberdiyev, Babageldi"]
[Result "1-0"]
[WhiteElo "2572"]
[BlackElo "2208"]
[PlyCount "41"]
[EventDate "2022.11.22"]
[EventType "swiss (blitz)"]
[EventRounds "11"]
[EventCountry "USA"]
[SourceTitle "CBM 211 Extra"]
[Source "ChessBase"]
[SourceDate "2023.01.31"]
[SourceVersion "1"]
[SourceVersionDate "2023.01.31"]
[SourceQuality "1"]

1. e4 e6 2. d4 d5 3. e5 c5 4. c3 Nc6 5. Nf3 Qb6 6. Bd3 Bd7 7. dxc5 Bxc5 8. 0-0 a5 9. Nbd2 a4 10. b4 axb3 11. Nxb3 Ba3 12. Be3 Qd8 13. Nc5 Bc8 14. Rb1 Bxc5 15. Bxc5 Nge7 16. Qd2 0-0 17. Ng5 h6 18. Nh7 Re8 19. Nf6+ gxf6 20. Qxh6 Nf5 21. Bxf5 1-0